00379nam a2200157 a 45000010005000000030009000050080041000140400028000550820009000831000030000922450028001222500007001502600027001573000014001846500023001981827CO-ViMGA141112s2004 ck r 000 u spa d aCO-ViMGAbspacCO-ViMGA04aPOSs1 aPosadas Mañe, Carmen de10aEl señor viento norte a4a aMadrid : bS.M, c1988 a25 p : il14aCUENTOS INFANTILES